• 首页
  • 本馆介绍
  • 公告通知
  • 最新文献
  • 馆藏检索
  • 电子资源
  • 读者导购
  • 参考咨询
  • 我的图书馆
  • 登录
  • 详细信息显示
  • 放入我的书架
  • 预约/预借图书
  • 作者相关作品
  • 分类相关作品
  • 丛书相关作品
  • 出版社相关作品

书目信息

  • 表格格式
  • 工作单格式
  • 卡片格式
题名:
高级汉语口语
    
 
作者: 刘元满 , 任雪梅 , 金舒年 编著
分册: 2  
出版信息: 北京   北京大学出版社  2004
页数: 171页
开本: 26cm
丛书名: 北大版新一代对外汉语教材·口语教程系列
单 册:
中图分类: H195.4
科图分类:
主题词: 口语 , 汉语--口语--对外汉语教学--教材
电子资源:
ISBN: 7-301-06635-X
000 01111nam0 2200325 450
001 010000004227
005 20051227083020.54
010    @a7-301-06635-X@dCNY34.00
092    @aCN
100    @a20050624d2004 ekmy0chiy0120 ea
101 0  @achi
102    @aCN@b110000
105    @ay z 000yy
200 1  @a高级汉语口语@9gao ji han yu kou yu@h2@f刘元满,任雪梅,金舒年编著@Fliu yuan man,ren xue mei,jin shu nian bian zhu
205    @a2版
210    @a北京@c北京大学出版社@d2004
215    @a171页@c照片,图@d26cm
225 2  @a北大版新一代对外汉语教材·口语教程系列
300    @a北京市高等教育精品教材立项项目
330    @a本书在设置不同场景、场景日常化的同时,注重赋予人物不同的性格、背景和多样的语言风格,解释汉语难点词汇、句子与成语。
410  0 @12001 @a北大版新一代对外汉语教材·口语教程系列
606 0  @a口语
606 0  @a汉语@x口语@x对外汉语教学@j教材
690    @aH195.4@v4
701  0 @a刘元满@Aliu yuan man@4编著
701  0 @a任雪梅@Aren xue mei@4编著
701  0 @a金舒年@Ajin shu nian@4编著
801  0 @aCN@bNLC@c20051227
905    @a10447@dH195.4@e167:4(2)=2
999    @aWJ
    
    高级汉语口语.2/刘元满,任雪梅,金舒年编著.-2版.-北京:北京大学出版社,2004
    171页:照片,图;26cm.-(北大版新一代对外汉语教材·口语教程系列)
    北京市高等教育精品教材立项项目
    
    ISBN 7-301-06635-X:CNY34.00
    本书在设置不同场景、场景日常化的同时,注重赋予人物不同的性格、背景和多样的语言风格,解释汉语难点词汇、句子与成语。
●
相关链接 在E读中查询图书 在五车中查询图书 在当当中查询图书 在豆瓣中查询图书


正题名:高级汉语口语     索取号:H195.4/167:4(2)=2         预约/预借

序号 登录号 条形码 馆藏地/架位号 状态 备注
1 0372695   203726959   第二样本阅览室/ [索取号:H195.4/167:4(2)=2] 在馆    
2 0372696   203726968   第四借阅区/ [索取号:H195.4/167:4(2)=2] 在馆    
3 0372697   203726977   第四借阅区/ [索取号:H195.4/167:4(2)=2] 在馆    
4 0372698   203726986   第四借阅区/ [索取号:H195.4/167:4(2)=2] 在馆    
5 0372699   203726995   第四借阅区/ [索取号:H195.4/167:4(2)=2] 在馆    
唐山师范学院图书馆 欢迎您!
大连网信软件有限公司© 版权所有